[Event "ICS rated blitz match"]
[Site "207.99.83.227"]
[Date "1999.04.17"]
[Round "?"]
[White "Hossa"]
[Black "mkarp"]
[Result "1-0"]
[WhiteElo "2454"]
[BlackElo "2145"]
[PlyCount "55"]

1. e4 d6 2. d4 g6 3. Nf3 Bg7 4. Bd3 a6 5. Bg5 b5 6. O-O h6 7. Be3 Nd7 8. Nbd2
c5 9. c4 bxc4 10. Nxc4 Bb7 11. dxc5 dxc5 12. Rc1 Ngf6 13. e5 Ng4 14. e6 Nde5
15. Nfxe5 Nxe5 16. Nxe5 Bxe5 17. exf7+ Kxf7 18. Rxc5 Kf6 19. Qb1 Qd6 20. h4 Bd4
21. Bxg6 e6 22. Rc4 Be5 23. f4 Bxb2 24. Bh5 Qa3 25. Qg6+ Ke7 26. Qf7+ Kd6 27.
Qc7+ Kd5 28. Bf3# {mkarp checkmated} 1-0

[Event "ICS rated blitz match"]
[Site "207.99.83.227"]
[Date "1999.04.17"]
[Round "?"]
[White "mkarp"]
[Black "Hossa"]
[Result "0-1"]
[WhiteElo "2140"]
[BlackElo "2459"]
[PlyCount "44"]

1. e4 d6 2. d4 c5 3. dxc5 Qa5+ 4. Nc3 Qxc5 5. Be3 Qb4 6. a3 Qa5 7. Bc4 Nf6 8.
Qd2 e6 9. Nge2 Be7 10. O-O Nc6 11. Kh1 Ng4 12. Bf4 Qc5 13. Bb5 Nxf2+ 14. Rxf2
Qxf2 15. e5 dxe5 16. Bxe5 O-O 17. Bxc6 bxc6 18. Ne4 Qf5 19. Bd6 Rd8 20. N2g3
Qb5 21. b4 f5 22. Nc3 22... Qc4 {mkarp resigns} 0-1

[Event "ICS rated blitz match"]
[Site "207.99.83.227"]
[Date "1999.04.17"]
[Round "?"]
[White "mkarp"]
[Black "Hossa"]
[Result "0-1"]
[WhiteElo "2132"]
[BlackElo "2467"]
[PlyCount "32"]

1. e4 d6 2. d4 Nf6 3. Nc3 Nbd7 4. Nf3 e5 5. dxe5 dxe5 6. Bc4 Bb4 7. O-O Bxc3 8.
bxc3 Qe7 9. a4 Nxe4 10. Re1 Nd6 11. Ba3 O-O 12. Bb3 e4 13. Qd4 Nf6 14. Ng5 Bf5
15. Rad1 Nfe8 16. f3 16... Qxg5 {mkarp resigns} 0-1

[Event "ICS rated blitz match"]
[Site "207.99.83.227"]
[Date "1999.04.17"]
[Round "?"]
[White "Hossa"]
[Black "mkarp"]
[Result "1-0"]
[WhiteElo "2471"]
[BlackElo "2128"]
[PlyCount "63"]

1. e4 d6 2. d4 g6 3. Nf3 Bg7 4. Bd3 a6 5. Bg5 c5 6. c3 cxd4 7. cxd4 Nc6 8. Nc3
Bg4 9. d5 Nd4 10. Be2 Nxe2 11. Qxe2 Nf6 12. O-O O-O 13. Rae1 Rc8 14. Qe3 Re8
15. Rc1 Bxf3 16. Qxf3 b5 17. Kh1 Qa5 18. a3 Nd7 19. Bd2 Qb6 20. Be3 Qa5 21. Bg5
b4 22. axb4 Qxb4 23. Rc2 Ne5 24. Qh3 Qb3 25. Rfc1 Rc4 26. f4 Nd7 27. Qxd7 Rec8
28. Bxe7 h5 29. Bxd6 Bxc3 30. Rxc3 Rxc3 31. bxc3 Rxc3 32. Qe8+ {mkarp resigns}
1-0

[Event "ICS rated blitz match"]
[Site "207.99.83.227"]
[Date "1999.04.17"]
[Round "?"]
[White "jo"]
[Black "Hossa"]
[Result "0-1"]
[WhiteElo "2545"]
[BlackElo "2475"]
[PlyCount "60"]

1. e4 d6 2. d4 Nf6 3. Nc3 Nbd7 4. f3 e5 5. Be3 Be7 6. Qd2 exd4 7. Bxd4 O-O 8.
O-O-O Ne5 9. Kb1 Be6 10. g4 Re8 11. h4 Nc6 12. Be3 Kh8 13. h5 Ne5 14. Bd4 Ng8
15. Bd3 Nxd3 16. cxd3 c5 17. Be3 h6 18. Qg2 d5 19. Bc1 d4 20. Nce2 Qa5 21. b3
Qb5 22. Nf4 Bxb3 23. axb3 Qxb3+ 24. Qb2 Qxd1 25. Nd5 Qxd3+ 26. Qc2 Qb5+ 27. Qb2
Qc6 28. f4 Nf6 29. Nxf6 Bxf6 30. Qc2 30... Rxe4 {jo resigns} 0-1

[Event "ICS rated blitz match"]
[Site "207.99.83.227"]
[Date "1999.04.17"]
[Round "?"]
[White "Hossa"]
[Black "mkarp"]
[Result "1-0"]
[WhiteElo "2494"]
[BlackElo "2124"]
[PlyCount "73"]

1. e4 d6 2. d4 g6 3. Nf3 Bg7 4. Bd3 Nf6 5. O-O O-O 6. Bg5 Nc6 7. Nbd2 e5 8.
dxe5 dxe5 9. Qe2 Bg4 10. Qe3 Qe7 11. Bh6 Bxf3 12. Bxg7 Kxg7 13. Nxf3 Nb4 14.
Rfd1 Rfd8 15. Qg5 Nxd3 16. cxd3 Re8 17. Kh1 c5 18. Rac1 b6 19. Rc3 Nd7 20. Qe3
Rac8 21. Rf1 Nb8 22. Nd2 Nc6 23. f4 Rcd8 24. f5 f6 25. fxg6 hxg6 26. Nc4 Rh8
27. Qg3 Rh5 28. Ne3 Rg5 29. Qf3 Qe6 30. Nd5 Rf8 31. Rc4 Nd4 32. Qf2 f5 33. b4
f4 34. Qd2 Rh8 35. bxc5 f3 36. Qxg5 fxg2+ 37. Qxg2 {mkarp resigns} 1-0

[Event "ICS rated blitz match"]
[Site "207.99.83.227"]
[Date "1999.04.17"]
[Round "?"]
[White "mkarp"]
[Black "Hossa"]
[Result "1-0"]
[WhiteElo "2117"]
[BlackElo "2521"]
[Annotator "Crafty v16.6"]
[PlyCount "63"]

{annotating for player ossa  using a scoring margin of +0.10 pawns.  search
time limit is 10.00} 1. e4 1... e5 2. d4 exd4 3. c3 dxc3 4. Bc4 cxb2 5. Bxb2
Bb4+ ({7:+1.57} 5... Bb4+ 6. Kf1 Nf6 7. e5 d5 8. exf6 dxc4 9. Qe2+ Be6 10. fxg7
$19) ({7:+1.97} 5... Qg5 6. Qd5 Qg6 7. Nf3 Ne7 8. Nh4 Nxd5 9. Nxg6 $19) 6. Nc3
Nc6 7. Nf3 Nge7 8. O-O O-O 9. Nd5 Bc5 ({7:+1.69} 9... Bc5 10. Qd3 Kh8 11. Qc3
f6 12. Qd3 12... Re8 $19) ({7:+1.89} 9... Bd6 10. Ng5 h6 11. Nf3 Na5 12. Bb5
12... Bc5 $19) 10. Qc2 Kh8 11. Qc3 f6 12. Rad1 Nxd5 13. exd5 Ne7 14. Bb3 Bd6
15. Rfe1 Qe8 16. Bc2 Qh5 17. Re4 Ng6 18. Rdd4 Kg8 19. Rh4 Nxh4 20. Rxh4 Qe8 21.
Bxh7+ Kf7 22. Re4 Qxe4 23. Bxe4 Kg8 24. Ng5 Be5 25. Qh3 fxg5 26. Bxe5 Rf6 27.
Bxf6 Kf7 28. Bd4 Ke7 29. Qh7 Kf8 30. Qxg7+ Ke8 31. Bg6+ Kd8 32. Bf6# 1-0

[Event "ICS rated blitz match"]
[Site "207.99.83.227"]
[Date "1999.04.17"]
[Round "?"]
[White "Hossa"]
[Black "Prof-Moriarty"]
[Result "1-0"]
[WhiteElo "2492"]
[BlackElo "2188"]
[PlyCount "115"]

1. e4 c5 2. Bc4 Nc6 3. c3 e6 4. Qe2 d6 5. Nf3 Nf6 6. d3 Be7 7. Bg5 O-O 8. O-O
d5 9. exd5 exd5 10. Bb5 Bd7 11. Nbd2 Re8 12. Rae1 h6 13. Be3 Bd6 14. Kh1 a6 15.
Bxc6 Bxc6 16. d4 b6 17. Qd3 Ne4 18. Qc2 Qc7 19. dxc5 bxc5 20. Qd1 Rad8 21. Rg1
Nxd2 22. Bxd2 Bf4 23. Bxf4 Qxf4 24. Qd2 Qxd2 25. Nxd2 Rxe1 26. Rxe1 Kf8 27. Nb3
d4 28. c4 d3 29. Nxc5 d2 30. Rd1 Re8 31. Nd3 Be4 32. Ne5 Rxe5 33. Rxd2 Bb1 34.
h3 Bxa2 35. Rc2 Rc5 36. b4 Bb3 37. Rc3 Rxc4 38. Rxb3 Ke7 39. Kh2 Kf6 40. Ra3
Rxb4 41. Rxa6+ Kg5 42. Ra5+ f5 43. Re5 g6 44. Re7 Rb2 45. f3 h5 46. Re5 h4 47.
Re7 Rf2 48. Re8 Kf4 49. Re6 g5 50. Rc6 Ke5 51. Rc7 Kf4 52. Rb7 Rd2 53. Re7 g4
54. hxg4 fxg4 55. Re4+ Kf5 56. Rxg4 Rd6 57. Rxh4 Rg6 58. g3 {
Prof-Moriarty resigns} 1-0

[Event "ICS rated blitz match"]
[Site "207.99.83.227"]
[Date "1999.04.17"]
[Round "?"]
[White "Hossa"]
[Black "Prof-Moriarty"]
[Result "1/2-1/2"]
[WhiteElo "2502"]
[BlackElo "2178"]
[PlyCount "94"]

1. e4 c5 2. Bc4 Nc6 3. c3 e6 4. Qe2 d6 5. Nf3 Nf6 6. d3 Be7 7. Bg5 O-O 8. O-O
d5 9. exd5 exd5 10. Bb5 Bd7 11. Nbd2 h6 12. Rae1 Re8 13. Bh4 Qb6 14. c4 Bg4 15.
Bxf6 Bxf6 16. Qxe8+ Rxe8 17. Rxe8+ Kh7 18. cxd5 Qxb5 19. dxc6 Qxc6 20. Re3 Bxb2
21. Nc4 Bxf3 22. Rxf3 Bf6 23. Re1 b5 24. Ne3 c4 25. dxc4 bxc4 26. Rc1 c3 27.
Ng4 Bd4 28. Ne3 Qe6 29. Nc2 Bf6 30. a3 Qa2 31. Nb4 Qb2 32. Nd3 Qxa3 33. Re1 c2
34. Rh3 Bg5 35. Rg3 c1=Q 36. Nxc1 Qb4 37. Nd3 Qd6 38. Re4 Bf6 39. Rge3 a5 40.
Ra4 Bc3 41. Rc4 Bb4 42. h4 Bd2 43. Rf3 f6 44. Rc2 Bb4 45. Rc4 Bd2 46. Rc2 Bb4
47. Rc4 47... Bd2 {Game drawn by repetition} 1/2-1/2

[Event "ICS rated blitz match"]
[Site "207.99.83.227"]
[Date "1999.04.17"]
[Round "?"]
[White "Prof-Moriarty"]
[Black "Hossa"]
[Result "0-1"]
[WhiteElo "2190"]
[BlackElo "2490"]
[PlyCount "84"]

1. d4 Nf6 2. Nf3 e6 3. e3 Be7 4. Bd3 O-O 5. b3 b6 6. Bb2 Bb7 7. Nbd2 d5 8. a3
c5 9. O-O cxd4 10. exd4 Nc6 11. Ne5 Rc8 12. f4 Bd6 13. Rf3 Ne4 14. Rh3 f5 15.
Qh5 h6 16. Ndf3 Qe8 17. Qxe8 Rfxe8 18. Rf1 Nxe5 19. Nxe5 Bxe5 20. fxe5 Rc7 21.
Rhf3 Nd2 22. R3f2 Nxf1 23. Rxf1 Bc6 24. a4 g5 25. Ba3 Rcc8 26. Bd6 g4 27. g3 h5
28. Kg2 Bd7 29. a5 bxa5 30. Ra1 a4 31. bxa4 a5 32. Kf2 Kg7 33. Ke3 Bc6 34. Kf4
Red8 35. Kg5 Be8 36. Rb1 Bxa4 37. Be7 Rg8 38. Bf6+ Kh7+ 39. Kxh5 Rc7 40. Rb6
Be8+ 41. Kh4 Kg6 42. Rxe6 42... Rh7# {Prof-Moriarty checkmated} 0-1

[Event "ICS rated blitz match"]
[Site "207.99.83.227"]
[Date "1999.04.17"]
[Round "?"]
[White "Hossa"]
[Black "Prof-Moriarty"]
[Result "1-0"]
[WhiteElo "2495"]
[BlackElo "2185"]
[PlyCount "77"]

1. e4 c5 2. Bc4 Nc6 3. Nf3 e6 4. O-O d6 5. d4 cxd4 6. Nxd4 Nf6 7. Nc3 Be7 8.
Nxc6 bxc6 9. Be3 O-O 10. Qe2 d5 11. exd5 cxd5 12. Bb5 Bd7 13. Rad1 Bxb5 14.
Nxb5 Qa5 15. Bd4 Rfb8 16. Nc3 Rc8 17. Kh1 a6 18. Qf3 Rab8 19. Be5 Rb7 20. Rfe1
h6 21. Qg3 Kh8 22. Qd3 Rc4 23. Qf3 Rd7 24. Rf1 d4 25. Bxf6 Bxf6 26. Ne4 Qe5 27.
Nxf6 Qxf6 28. Qxf6 gxf6 29. Rd2 f5 30. c3 e5 31. Rfd1 dxc3 32. Rxd7 cxb2 33.
Rb7 Rc1 34. Rg1 Rc2 35. Rxf7 a5 36. Rxf5 Kg7 37. Rxe5 a4 38. a3 Rc1 39. Rb5 {
Prof-Moriarty resigns} 1-0

[Event "ICS rated blitz match"]
[Site "207.99.83.227"]
[Date "1999.04.17"]
[Round "?"]
[White "Prof-Moriarty"]
[Black "Hossa"]
[Result "0-1"]
[WhiteElo "2180"]
[BlackElo "2500"]
[PlyCount "36"]

1. d4 Nf6 2. Nf3 e6 3. e3 Be7 4. Bd3 O-O 5. Nbd2 d5 6. b3 c5 7. Bb2 Nc6 8. a3
cxd4 9. exd4 b6 10. O-O Bb7 11. Ne5 Rc8 12. f4 Bd6 13. Rf3 Ne4 14. Bxe4 dxe4
15. Rh3 Bxe5 16. fxe5 Nxd4 17. Qh5 h6 18. Rg3 18... Nf5 {Prof-Moriarty resigns}
0-1

[Event "ICS rated blitz match"]
[Site "207.99.83.227"]
[Date "1999.04.17"]
[Round "?"]
[White "Hossa"]
[Black "totoff"]
[Result "1-0"]
[WhiteElo "2504"]
[BlackElo "2280"]
[PlyCount "121"]

1. e4 e6 2. Nf3 c5 3. Bb5 a6 4. Be2 Nc6 5. Nc3 Nf6 6. O-O Be7 7. d4 cxd4 8.
Nxd4 Qc7 9. Bg5 d6 10. Qd3 Ne5 11. Qg3 Nc4 12. Bf4 e5 13. Ndb5 axb5 14. Qxg7
Rg8 15. Nd5 Rxg7 16. Nxc7+ Kd8 17. Nxa8 exf4 18. Bxc4 bxc4 19. f3 Nd7 20. a4
Bf6 21. c3 Rg5 22. a5 Rb5 23. Ra2 Be5 24. Rd1 Nc5 25. Nb6 Be6 26. h3 Nd3 27.
Rd2 Kc7 28. Kh1 f5 29. exf5 Bf7 30. Kg1 Bg8 31. Rc2 Bf7 32. Kh2 h5 33. Kh1 h4
34. Rd2 Bg8 35. Kg1 Bf6 36. Re2 Be5 37. Rc2 Bf7 38. Rd2 Bg8 39. Kh2 Bf7 40. Rc2
Bg8 41. f6 Bf7 42. Rd2 Bxf6 43. Kh1 Be5 44. Kg1 Be6 45. Rc2 Kc6 46. Kh1 d5 47.
Re2 Kc5 48. Kh2 Kd6 49. a6 bxa6 50. Rxa6 Nc5 51. Nxc4+ Ke7 52. Ra7+ Kf6 53.
Nxe5 Nb3 54. Nd3 Rb8 55. Ra6 Re8 56. Nxf4 Kf5 57. Nxe6 Rxe6 58. Raxe6 d4 59.
g4+ Kg5 60. R2e5+ Kf4 61. Rf5# {totoff checkmated} 1-0

[Event "ICS rated blitz match"]
[Site "207.99.83.227"]
[Date "1999.04.17"]
[Round "?"]
[White "Hossa"]
[Black "mkarp"]
[Result "1-0"]
[WhiteElo "2513"]
[BlackElo "2127"]
[PlyCount "107"]

1. e4 c5 2. Bc4 e6 3. Nc3 Nc6 4. Nf3 Nf6 5. O-O Be7 6. d4 cxd4 7. Nxd4 a6 8.
Bf4 O-O 9. e5 Ne8 10. Nxc6 dxc6 11. Qxd8 Bxd8 12. Rad1 Nc7 13. Ne4 Nd5 14. Bd2
b5 15. Bd3 Bc7 16. Ng5 h6 17. Nf3 c5 18. c4 bxc4 19. Bxc4 Bb7 20. Bc1 Rfd8 21.
Rfe1 a5 22. Nd2 a4 23. Ne4 Nb6 24. Rxd8+ Rxd8 25. Bf1 Bd5 26. Nc3 Bc6 27. Be3
Nd7 28. f4 Rb8 29. Bc1 Ba5 30. Re3 Nb6 31. Rg3 Kh8 32. Be2 Nd5 33. Nxd5 Bxd5
34. Ra3 Rb4 35. g3 Re4 36. Kf1 Bc6 37. Kf2 Bb4 38. Rd3 Rd4 39. a3 Ba5 40. Be3
Rxd3 41. Bxd3 Bb6 42. g4 Kg8 43. Ke2 Bd5 44. Bc2 Kf8 45. Bxa4 Ke7 46. b4 Kd8
47. Bxc5 Bxc5 48. bxc5 Kc7 49. Bb5 f6 50. a4 fxe5 51. fxe5 g5 52. a5 Kb8 53.
Kd3 Kc7 54. Bc4 {mkarp resigns} 1-0

[Event "ICS rated blitz match"]
[Site "207.99.83.227"]
[Date "1999.04.17"]
[Round "?"]
[White "mkarp"]
[Black "Hossa"]
[Result "0-1"]
[WhiteElo "2124"]
[BlackElo "2516"]
[PlyCount "94"]

1. e4 e5 2. d4 exd4 3. c3 dxc3 4. Bc4 cxb2 5. Bxb2 Qg5 6. Nf3 Bb4+ 7. Kf1 Qg4
8. Bxf7+ Kf8 9. Bxg8 Rxg8 10. Nc3 Bxc3 11. Bxc3 Qxe4 12. Qd2 Nc6 13. Re1 Qf5
14. h4 d6 15. Kg1 Bd7 16. Rh3 Re8 17. Ng5 Rxe1+ 18. Qxe1 h6 19. Rf3 hxg5 20.
Rxf5+ Bxf5 21. hxg5 Rh8 22. f3 Rh7 23. Qe2 a6 24. Qe3 g6 25. Bb2 Re7 26. Qc3
Ke8 27. Qh8+ Kd7 28. Bf6 Re8 29. Qg7+ Kc8 30. Qf7 Re2 31. g4 Bb1 32. f4 b5 33.
Bh8 Nd8 34. Qf6 Ne6 35. Qa1 Bxa2 36. f5 Nxg5 37. Qc3 Re1+ 38. Qxe1 Nf3+ 39. Kf2
Nxe1 40. Kxe1 gxf5 41. gxf5 a5 42. Kd2 a4 43. Kc2 b4 44. Bg7 a3 45. Ba1 b3+ 46.
Kc3 b2 47. Bxb2 47... axb2 {mkarp resigns} 0-1

[Event "ICS rated blitz match"]
[Site "207.99.83.227"]
[Date "1999.04.17"]
[Round "?"]
[White "Hossa"]
[Black "totoff"]
[Result "1-0"]
[WhiteElo "2525"]
[BlackElo "2261"]
[PlyCount "72"]

1. e4 e6 2. Nf3 c5 3. Be2 Nc6 4. d4 cxd4 5. Nxd4 Nf6 6. Bf3 e5 7. Nb3 a5 8. Bg5
a4 9. N3d2 h6 10. Bxf6 Qxf6 11. Nc3 Qd8 12. Nc4 d6 13. Nb5 Be6 14. Ncxd6+ Bxd6
15. Nxd6+ Kf8 16. Nxb7 Qb6 17. Nd6 Rd8 18. O-O Qb8 19. c4 Rxd6 20. Qxa4 Nd4 21.
Rad1 Kg8 22. b3 Kh7 23. Kh1 Qb7 24. Qa5 f6 25. Qe1 Ra6 26. Rd2 Rha8 27. Rxd4
exd4 28. e5 Qd7 29. Bxa8 Rxa8 30. Qe4+ Bf5 31. Qxa8 fxe5 32. Qd5 Qxd5 33. cxd5
d3 34. f3 Kg6 35. a4 Kf6 36. a5 36... Ke7 {totoff resigns} 1-0

[Event "ICS rated bullet match"]
[Site "207.99.83.227"]
[Date "1999.04.17"]
[Round "?"]
[White "Hossa"]
[Black "TDChess"]
[Result "0-1"]
[WhiteElo "2435"]
[BlackElo "2485"]
[Annotator "Crafty v16.6"]
[PlyCount "74"]

{annotating for player ossa  using a scoring margin of +0.10 pawns.  search
time limit is 10.00} 1. e4 1... e6 2. Nf3 d5 3. e5 ({8:-0.02} 3. e5 3... Nh6 4.
Bb5+ c6 5. Be2 Bc5 6. Nc3 O-O 7. O-O $10) ({8:+0.89} 3. exd5 3... Qxd5 4. Nc3
Qd6 5. Be2 Nf6 6. Nb5 Qf4 7. O-O $16) 3... g5 4. d4 g4 5. Nfd2 h5 6. h3 Nh6 7.
hxg4 hxg4 8. Be2 ({8:+0.31} 8. Be2 8... c5 9. dxc5 Nd7 10. Nf1 Nxe5 11. Bxh6
Bxh6 12. Bxg4 Nxg4 13. Qxg4 $14) ({8:+0.70} 8. Nb3 8... a5 9. Bxh6 Bxh6 10. Qc1
Bd2+ 11. Kxd2 Rxh1 12. Bb5+ c6 13. Bxc6+ Nxc6 14. Qxh1 $14) 8... f5 9. exf6
Qxf6 10. Nf1 ({7:+0.25} 10. Nf1 10... Nc6 11. c3 e5 12. Ne3 exd4 13. Nxd5 $10)
({7:+0.41} 10. Nb3 10... Nc6 11. Rh5 Bd7 12. Bxg4 Bb4+ 13. c3 Nxg4 14. Rxh8+
Qxh8 15. Qxg4 $14) 10... e5 11. dxe5 ({7:+0.37} 11. dxe5 11... Qxe5 12. Ng3 Bg7
13. Nc3 Be6 14. Nh5 14... Bf8 $14) ({7:+0.76} 11. Bxh6 11... Bxh6 12. Bxg4 Rf8
13. Bf3 Nc6 14. dxe5 Qxe5+ 15. Qe2 $16) 11... Qxe5 12. Nc3 Be6 13. Qd3 Nc6 14.
Qg6+ Kd7 15. Ne3 Bb4 16. Bd2 Rag8 17. Qd3 d4 18. b3 Kc8 19. Nc4 Bxc4 20. Qxc4
Nf5 21. O-O-O dxc3 22. Bf4 Qa5 23. Kb1 g3 24. Bg4 Kb8 25. Rh5 Rf8 26. Rxf5 Rxf5
27. Bxf5 Qxf5 28. Bxg3 Qh5 29. Qf1 Qg6 30. Rd7 Bd6 31. Bxd6 cxd6 32. b4 Nxb4
33. Qd1 Rh1 34. Rd8+ Kc7 35. Rd7+ Kxd7 36. Qc1 Rxc1+ 37. Kxc1 Qxc2# 0-1

[Event "ICS rated blitz match"]
[Site "207.99.83.227"]
[Date "1999.04.17"]
[Round "?"]
[White "rajah"]
[Black "Hossa"]
[Result "1-0"]
[WhiteElo "2440"]
[BlackElo "2536"]
[Annotator "Crafty v16.6"]
[PlyCount "106"]

{annotating for player ossa  using a scoring margin of +0.10 pawns.  search
time limit is 10.00} 1. d4 1... Nf6 2. c4 g6 3. Nc3 Bg7 4. e4 d6 5. f4 O-O 6.
Nf3 c5 7. dxc5 dxc5 8. Bd3 Nh5 ({9:+0.41} 8... Nh5 9. O-O Nc6 10. e5 Nd4 11.
Ng5 Qd7 12. Nce4 12... b6 $15) ({9:+0.56} 8... Nc6 9. O-O Nd4 10. e5 Ng4 11.
Nd5 Bd7 12. Be4 Bf5 13. Bxf5 13... Nxf5 $15) 9. Be3 Na6 10. e5 Bh6 11. Ne2 Nb4
12. Be4 Qb6 ({8:+0.17} 12... Qb6 13. O-O Rd8 14. Qe1 Nd3 15. Qh4 Qe6 16. Rad1
$10) ({8:+0.39} 12... Qc7 13. O-O Rd8 14. Qb3 Bg4 15. a3 Nc6 16. Qc3 $15) 13.
a3 Na6 14. Qc2 Ng7 15. O-O-O Rb8 16. Kb1 Be6 17. h4 Nf5 18. Bf2 Ng7 19. Rd3
Rfd8 20. Rhd1 Rxd3 21. Rxd3 Bg4 22. Qb3 Qxb3 23. Rxb3 b6 24. Rd3 Ne6 25. g3 b5
26. cxb5 Rxb5 27. Nc3 Rb8 28. Nh2 Bh5 29. Rd7 Nxf4 30. gxf4 Bxf4 31. Nf3 Bxf3
32. Bxf3 Bxe5 33. Na4 e6 34. Rxa7 Nc7 35. Bxc5 Kg7 36. Bb6 Nd5 37. Bxd5 exd5
38. Rd7 Bf6 39. Bf2 Rb3 40. Rxd5 Rh3 41. Nc5 Bxh4 42. Bxh4 Rxh4 43. b4 f5 44.
b5 f4 45. b6 Rh1+ 46. Kc2 f3 47. b7 f2 48. Rd7+ Kh6 49. Rf7 f1=Q 50. Rxf1 Rxf1
51. b8=Q Rf2+ 52. Kd1 Rf1+ 53. Kd2 g5 1-0

[Event "ICS rated bullet match"]
[Site "207.99.83.227"]
[Date "1999.04.17"]
[Round "?"]
[White "JSBach"]
[Black "Hossa"]
[Result "0-1"]
[WhiteElo "2013"]
[BlackElo "2421"]
[PlyCount "84"]

1. d4 Nf6 2. Nf3 e6 3. Nc3 Bb4 4. Qd3 d5 5. Bg5 O-O 6. O-O-O Bxc3 7. Qxc3 Ne4
8. Qe3 Nxg5 9. Qxg5 Qxg5+ 10. Nxg5 c5 11. dxc5 Nd7 12. b4 a5 13. a3 axb4 14.
axb4 Ra4 15. c3 Nf6 16. e3 Bd7 17. Kd2 h6 18. Nf3 Ne4+ 19. Ke1 Nxc3 20. Rd3
Ra1+ 21. Kd2 Ne4+ 22. Ke2 Bb5 23. Ne5 f6 24. Ng4 h5 25. f3 hxg4 26. fxe4 dxe4
27. Kd2 Bxd3 28. Bxd3 Rxh1 29. Bxe4 Rb8 30. b5 f5 31. Bd3 Rxh2 32. Bf1 Rc8 33.
c6 bxc6 34. bxc6 Rxc6 35. Kd3 Rc1 36. Ke2 g3 37. Kf3 Rxf1+ 38. Kxg3 Rh6 39. e4
f4+ 40. Kg4 Rg6+ 41. Kh5 Rxg2 42. Kh4 42... Rh1# {JSBach checkmated} 0-1

[Event "ICS rated bullet match"]
[Site "207.99.83.227"]
[Date "1999.04.17"]
[Round "?"]
[White "Hossa"]
[Black "JSBach"]
[Result "1-0"]
[WhiteElo "2424"]
[BlackElo "2010"]
[PlyCount "101"]

1. e4 e5 2. Nf3 Qf6 3. Bd3 Bc5 4. Nc3 Nc6 5. O-O Nge7 6. Na4 Bd6 7. Bc4 O-O 8.
d3 h6 9. Bd2 Rd8 10. Bc3 b6 11. Bd2 Bb7 12. Nc3 Rac8 13. Qe2 Na5 14. Nd5 Nxd5
15. Bxd5 Bxd5 16. exd5 Nb7 17. Bc3 Re8 18. Rae1 b5 19. Nxe5 Qe7 20. Qg4 Nc5 21.
Nxd7 Qg5 22. Qxg5 hxg5 23. Nxc5 Bxc5 24. Rxe8+ Rxe8 25. Re1 Rxe1+ 26. Bxe1 b4
27. Bd2 g4 28. Bf4 Bd6 29. Bxd6 cxd6 30. c4 bxc3 31. bxc3 a5 32. c4 f6 33. d4
Kf7 34. c5 Ke7 35. c6 Kd8 36. Kf1 g6 37. Ke2 Kc7 38. Ke3 f5 39. Kf4 a4 40. Kg5
a3 41. g3 Kc8 42. Kxg6 f4 43. gxf4 Kb8 44. Kf7 Kc8 45. f5 Kc7 46. Ke6 g3 47.
fxg3 Kd8 48. f6 Kc8 49. f7 Kd8 50. Kxd6 Kc8 51. f8=Q# {JSBach checkmated} 1-0

[Event "ICS rated bullet match"]
[Site "207.99.83.227"]
[Date "1999.04.17"]
[Round "?"]
[White "TDChess"]
[Black "Hossa"]
[Result "1-0"]
[WhiteElo "2521"]
[BlackElo "2427"]
[Annotator "Crafty v16.6"]
[PlyCount "107"]

{annotating for player ossa  using a scoring margin of +0.10 pawns.  search
time limit is 10.00} 1. d4 1... Nf6 2. Nf3 e6 3. e3 Be7 4. Nc3 O-O 5. Bd3 d5 6.
O-O c5 7. b3 Nc6 8. Ne5 Nb4 9. Bb5 a6 10. Be2 Qc7 11. Bb2 Bd6 12. f4 cxd4 13.
exd4 b6 14. Qd2 Bb7 15. a3 Nc6 16. Nd1 Ne4 17. Qe3 b5 18. c4 bxc4 19. bxc4 Rab8
20. cxd5 exd5 21. Rc1 Qc8 22. Bd3 Qc7 23. Nxc6 Bxc6 24. Bxe4 dxe4 25. d5 Rb6
26. Bd4 Rb5 27. Rxc6 Qd7 28. Qxe4 Bxa3 29. Nc3 Re8 30. Qf3 Rb4 31. Rxa6 Bb2 32.
Rd1 Rc8 33. Rd2 Qb7 34. Rc6 Ra8 35. Rd1 Qd7 36. f5 Re8 37. Qg3 Rxd4 38. Rxd4
Bxc3 39. Qxc3 Qxf5 40. Rd1 Qh5 41. Re1 Rxe1+ 42. Qxe1 h6 43. Rc8+ Kh7 44. Qb1+
f5 45. Rf8 Qg5 46. d6 Qe3+ 47. Kh1 Qe4 48. Qxe4 fxe4 49. d7 h5 50. d8=Q Kg6 51.
h4 Kh7 52. Qe8 g5 53. Rf7+ Kh6 54. Qe6# 1-0

[Event "ICS Rated blitz match"]
[Site "207.99.83.227"]
[Date "1999.04.17"]
[Round "?"]
[White "Hossa"]
[Black "matar"]
[Result "1-0"]
[WhiteElo "2516"]
[BlackElo "2421"]
[PlyCount "73"]

1. e4 c5 2. Bc4 e6 3. Nc3 Nc6 4. Nf3 Nf6 5. O-O d5 6. exd5 exd5 7. Bb5 Bd6 8.
Re1+ Be6 9. Ng5 O-O 10. Bxc6 bxc6 11. Nxe6 fxe6 12. Rxe6 Qd7 13. Re2 Ng4 14. h3
Nh2 15. d3 Nf3+ 16. gxf3 Qxh3 17. f4 Rf6 18. Re3 Rg6+ 19. Rg3 Rxg3+ 20. fxg3
Qxg3+ 21. Kf1 Rf8 22. Qe1 Qh3+ 23. Kg1 Rf6 24. Qe8+ Bf8 25. f5 Qg4+ 26. Kf2
Rxf5+ 27. Ke1 Qg1+ 28. Kd2 Qg5+ 29. Qe3 Qxe3+ 30. Kxe3 d4+ 31. Ke4 Rf1 32. Ne2
h5 33. Ng3 Re1+ 34. Kf3 h4 35. Kf2 Rd1 36. Nf1 Bd6 37. Ke2 {matar resigns} 1-0

[Event "ICS Rated blitz match"]
[Site "207.99.83.227"]
[Date "1999.04.17"]
[Round "?"]
[White "Hossa"]
[Black "Villena"]
[Result "1-0"]
[WhiteElo "2528"]
[BlackElo "2208"]
[PlyCount "68"]

1. e4 Nf6 2. e5 Nd5 3. Nc3 Nxc3 4. dxc3 d5 5. Bf4 c5 6. Qd2 Nc6 7. O-O-O e6 8.
Bb5 Bd7 9. c4 d4 10. Nf3 a6 11. Bxc6 Bxc6 12. Bg5 Be7 13. Bxe7 Qxe7 14. Rhg1 h6
15. c3 dxc3 16. Qxc3 Bxf3 17. gxf3 O-O 18. f4 g6 19. Qh3 Kh7 20. Kb1 Rfd8 21.
Qg4 Rd4 22. Rxd4 cxd4 23. f5 exf5 24. Qxd4 Rd8 25. Qf4 Qb4 26. a3 Qb3 27. Rc1
Qd3+ 28. Ka1 Rd4 29. Qg3 Qe4 30. Qb3 Qxe5 31. Qxb7 Qf6 32. c5 Kg7 33. c6 Qg5
34. Kb1 34... Rd5 {Villena resigns} 1-0

[Event "ICS Rated blitz match"]
[Site "207.99.83.227"]
[Date "1999.04.17"]
[Round "?"]
[White "matar"]
[Black "Hossa"]
[Result "0-1"]
[WhiteElo "2409"]
[BlackElo "2532"]
[PlyCount "90"]

1. e4 e5 2. Nf3 Nc6 3. Bb5 a6 4. Ba4 Nf6 5. Bxc6 dxc6 6. d3 Bg4 7. Nbd2 Bc5 8.
h3 Be6 9. b3 Nd7 10. Bb2 Qf6 11. Qe2 O-O 12. g4 Rfd8 13. O-O-O a5 14. g5 Qf4
15. Kb1 f6 16. gxf6 Qxf6 17. Rdg1 a4 18. Ng5 axb3 19. axb3 Bf7 20. f4 Bxg1 21.
Rxg1 Re8 22. f5 Kh8 23. Nxf7+ Qxf7 24. Qg4 c5 25. Nf3 Qf6 26. Ng5 c6 27. Qh5 h6
28. Nf7+ Kg8 29. Nxh6+ Kf8 30. Ng4 Qf7 31. Qh7 b5 32. Nh6 gxh6 33. Qxh6+ Ke7
34. Rg7 Qxg7 35. Qxg7+ Kd8 36. f6 Re6 37. f7 Kc7 38. h4 Rf8 39. h5 Re7 40. h6
Rfxf7 41. Qg5 Rf1+ 42. Ka2 Re8 43. Bc3 b4 44. Bd2 Ra8+ 45. Kb2 45... Rfa1 {
matar resigns} 0-1

[Event "ICS rated bullet match"]
[Site "207.99.83.227"]
[Date "1999.04.17"]
[Round "?"]
[White "Hossa"]
[Black "Tenho"]
[Result "1-0"]
[WhiteElo "2415"]
[BlackElo "2218"]
[PlyCount "87"]

1. e4 d6 2. d4 g6 3. Nf3 c5 4. dxc5 Qa5+ 5. Bd2 Qxc5 6. Be3 Qb4+ 7. Qd2 Qxd2+
8. Nbxd2 Nc6 9. O-O-O Bg7 10. Bb5 Bd7 11. Bxc6 Bxc6 12. Rhg1 Nf6 13. e5 Ng4 14.
exd6 Nxe3 15. fxe3 exd6 16. Rdf1 f5 17. Nd4 Kd7 18. g4 Rhf8 19. gxf5 Bxd4 20.
exd4 Rxf5 21. Rxf5 gxf5 22. Rg7+ Ke6 23. Rxh7 Rg8 24. c4 f4 25. d5+ Ke5 26.
dxc6 bxc6 27. Re7+ Kf5 28. Rxa7 Rg1+ 29. Kc2 Rg2 30. Rf7+ Ke5 31. Kd3 d5 32.
Nf3+ Ke6 33. Rxf4 Rxb2 34. a4 Ra2 35. cxd5+ cxd5 36. h4 Ra3+ 37. Kc2 d4 38.
Nxd4+ Ke5 39. Rg4 Kd5 40. a5 Ra1 41. Kb2 Rh1 42. a6 Rh2+ 43. Nc2 Kc6 44. Ra4 {
Tenho resigns} 1-0

[Event "ICS Rated blitz match"]
[Site "207.99.83.227"]
[Date "1999.04.17"]
[Round "?"]
[White "Hossa"]
[Black "Rumpole"]
[Result "1-0"]
[WhiteElo "2543"]
[BlackElo "2270"]
[PlyCount "66"]

1. e4 e6 2. Nf3 d5 3. e5 c5 4. Bb5+ Nc6 5. Bxc6+ bxc6 6. O-O f6 7. d3 Qc7 8.
Bf4 f5 9. Nc3 Be7 10. Nd2 Bd7 11. Qh5+ g6 12. Qe2 O-O-O 13. Nf3 h6 14. Rfc1 g5
15. Bd2 g4 16. Ne1 Bg5 17. Na4 Be7 18. c3 h5 19. b4 Nh6 20. Nxc5 Bxc5 21. bxc5
Nf7 22. d4 Rdg8 23. Rab1 Kd8 24. c4 Ng5 25. cxd5 exd5 26. Bxg5+ Rxg5 27. Rb2 f4
28. Rcb1 f3 29. Qd2 Rhg8 30. Rb7 g3 31. fxg3 f2+ 32. Kxf2 Rf5+ 33. Nf3 33...
Rxf3+ {Rumpole resigns} 1-0